000 00834nam a22002657a 4500
001 BR2016003906
003 BR-BrBNA
005 20230928104955.0
007 ta
008 230509b bl.||||| |||| 00| 0 por d
040 _aBR-BrBNA
_bpor
_cBiblioteca Nacional de Agricultura
041 _a(Por)
072 _aL20
_b4076
090 _ 4076 BR2016003906
100 1 _aVasconcellos, K.L.
110 1 _aUniversidade Federal de Lavras, MG (Brasil)
_0Tese (Mestre em Ecologia Aplicada)
245 1 _aMorfometria geométrica da asa de quirópteros no Parque Estadual do Rio Doce, MG
260 3 _aLavras, MG (Brasil):
_c2014.
300 _a44 p.
500 _aSummaries (Eng, Por); Bibliography p. 40-44; 9 illus
650 _aECOLOGIA ANIMAL
650 _aMINAS GERAIS
909 _a202309
_bLucia
_c55
_dLucia Elande
942 _cBK
999 _c82730
_d82730